| 000 | 01272nam a2200253Ia 4500 | ||
|---|---|---|---|
| 003 | Ost | ||
| 005 | 20260507074849.0 | ||
| 008 | 260507s9999||||xx |||||||||||||| ||und|| | ||
| 020 | _a9957181165 | ||
| 040 | _cfsecg | ||
| 041 | _aara | ||
| 082 | _a658.8 | ||
| 100 |
_aالصميدعي، محمود _eمؤلف |
||
| 245 | 0 |
_aالأساليب الكمية في التسويق / _c محمود الصميدعي |
|
| 250 | _aطبعة 2 | ||
| 260 |
_aعمان: _bدار الحامد للنشر والتوزيع, _c2006 |
||
| 300 |
_a318 صفحة؛ _bإيضاحات ؛ _c24 سم |
||
| 504 | _aمراجع ص.311 | ||
| 520 | _a مدخل تمهيدي في تطور مفهوم التسويق، السوق، استخدام بعض الأساليب الكمية في دراسة المنتج، الأساليب الكمية في التسعير، الأساليب الكمية في التوزيع، الأساليب الكمية في الترويج، طرق التنبؤ بالمبيعات، الاتجاهات الكمية في دراسة سلوك المستهلك، البرمجة الخطية. | ||
| 653 | _aالتسويق | ||
| 653 | _aالتسويق- الطرق الاحصائية | ||
| 700 |
_aردينة، عثمان يوسف _eمؤلف ثانوي |
||
| 942 | _cكتاب | ||
| 999 |
_c41554 _d41554 |
||